轨道交通标志色大赏——广州、佛山篇 - Statistics

General Stats
  • This quiz has been taken 58 times
    6 since last reset
  • The average score is 22 of 26
Answer Stats
标志色 线路 % Correct
C4D600 广佛线
100%
7D9CC0 10号线
100%
FFB00A 11号线
100%
00629B 2号线
100%
ECA154 3号线
100%
00843D 4号线
100%
C5003E 5号线
100%
80225F 6号线
100%
97D700 7号线
100%
008C95 8号线
100%
71CC98 9号线
100%
F3D03E 1号线
83%
59621D 12号线
83%
8E8C13 13号线
83%
81312F 14号线
83%
3040B6 18号线
83%
211747 21号线
83%
D24C1E 22号线
83%
00B5E2 APM线
83%
61C013 海珠有轨1号线
67%
C11B20 黄埔有轨1号线
67%
F6112E 佛山2号线
67%
E50083 黄埔有轨2号线
67%
002DA0 佛山3号线
67%
255AA8 广东城际
50%
60B5E5 南海有轨1号线
50%
No matching quizzes found
Score Distribution
Percent of People with Each Score
Percentile by Number Answered
Your Score History
You have not taken this quiz since the last reset